Statistics for Taylor Swift - You're On Your Own Kid Lyrics

Click here to take the quiz!

General Stats

  • This quiz has been taken 93 times
  • The average score is 282 of 298

Answer Stats

Answer% Correct
a
100%
always
100%
And
100%
and
100%
as
100%
be
100%
been
100%
blood
100%
bracelets
100%
by
100%
can
100%
friends
100%
friendship
100%
From
100%
from
100%
have
100%
he
100%
I
100%
kid
100%
make
100%
My
100%
my
100%
on
100%
own
100%
So
100%
so
100%
take
100%
The
100%
the
100%
there
100%
this
100%
to
100%
we're
100%
were
100%
you
100%
You
100%
your
100%
you're
100%
You're
100%
ashes
98%
away
98%
body
98%
don't
98%
fireplace
98%
gave
98%
home
98%
in
98%
it
98%
know
98%
moment
98%
party
98%
say
98%
splashes
98%
sweat
98%
tears
98%
what
98%
with
98%
around
97%
face
97%
for
97%
funny
97%
gown
97%
hosted
97%
jokes
97%
looked
97%
money
97%
no
97%
of
97%
parties
97%
reason
97%
sprinkler
97%
starved
97%
took
97%
weren't
97%
got
95%
I'd
95%
Just
95%
just
95%
kiss
95%
me
95%
pages
95%
perfect
95%
saved
95%
turned
95%
afraid
93%
best
93%
bridges
93%
burned
93%
Something
93%
something
93%
stay
93%
step
93%
Summer
93%
that
93%
You've
93%
boys
92%
can't
92%
is
92%
Like
92%
saw
92%
see
92%
soaked
92%
still
92%
taste
92%
they
92%
better
90%
bodies
90%
'Cause
90%
dream
90%
hear
90%
it's
90%
It's
90%
never
90%
not
90%
search
90%
smoking
90%
went
90%
Yeah
90%
All
88%
days
88%
play
88%
voice
88%
wait
88%
who
88%
Anyway
87%
cool
87%
dreams
87%
Everything
87%
lose
87%
okay
87%
out
87%
yearning
87%
he's
85%
learn
85%
lot
85%
one
85%
parking
85%
There's
85%
town
85%
cared
83%
could
83%
Daisy
83%
getting
83%
gonna
83%
loves
83%
May
83%
notice
83%
touch
83%
long
82%
room
82%
them
82%
aren't
80%
choose
80%
great
80%
phone
80%
rare
80%
run
80%
stays
80%
ages
78%
didn't
78%
taxi
78%
waited
78%
escape
77%
songs
77%
different
75%
if
75%
picked
75%
called
73%
I'll
73%
patiently
73%
writing
73%
petals
72%
bloomed
70%

Score Distribution

Percentile by Number Answered

Percent of People with Each Score

Your Score History

You have not taken this quiz